Countries Closest to Paraguay - Sudden Death - Statistics

General Stats
  • This quiz has been taken 10 times
  • The average score is 11 of 15
Answers on the Grid
Answers color-coded by a green-red scale on the quiz's grid according to % correct below.
Panama
Grenada
Trinidad and Tobago
Colombia
Venezuela
Guyana
Suriname
Ecuador
Peru
Bolivia
Chile
Argentina
Uruguay
Brazil
Saint Vincent and the Grenadines
Barbados
Saint Lucia
Dominica
Saint Kitts and Nevis
Antigua and Barbuda
Dominican Republic
Haiti
Cuba
Jamaica
Costa Rica
Nicaragua
Honduras
El Salvador
Belize
Guatemala
 
Answer Stats
Answer % Correct
Bolivia
100%
Brazil
100%
Chile
100%
Ecuador
100%
Peru
100%
Uruguay
100%
Venezuela
100%
Argentina
89%
Colombia
89%
Suriname
89%
Guyana
67%
Panama
67%
Trinidad and Tobago
44%
Grenada
0%
Saint Vincent and the Grenadines
0%
No matching quizzes found
Score Distribution
Percent of People with Each Score
Percentile by Number Answered
Your Score History
You have not taken this quiz